000 00295nam a22001337a 4500
008 171227b xxu||||| |||| 00| 0 eng d
020 _a9781121499850
041 _aeng
080 _a339.138
100 _a61
101 _aMAR
245 _aENTERTAINMENT MARKETING
_cCUNDY.C
942 _2udc
_cBK
999 _c39477
_d39477